000 00327nam a2200133Ia 4500
005 20260328101447.0
008 260328s9999||||xx |||||||||||||| ||und||
100 _aZerbst, Rainer
245 0 _aGaudí :
_b The complete Buildings /
_cRainer Zerbst
260 _bTaschen
300 _a239 p.
650 _aARQUITECTOS
942 _cBK
999 _c8516
_d8516